000 01104nam a2200265 a 4500
001 BRCA_3900
005 20190320204452.0
008 090910s2008 mx-a######---#000-0#spa-#
020 _a9786072001831
041 _aspa
044 _amx
050 4 _aNK4565
_b.B66 2008
100 1 _aBonta de la Pezuela, María.
_910141
245 1 0 _aPorcelana china de exportación para el mercado novohispano
_bla colección del Museo Nacional del Virreinato
_cMaría Bonta de la Pezuela.
260 _aMéxico
_bUNAM, Instituto de Investigaciones Estéticas
_c2008
300 _a348 p.
_bil. (algunas a color), mapas
_c23 cm.
500 _aIncluye glosario e índice de ilustraciones
500 _aCatálogo [Colección del Museo Nacional del Virreinato]: p. [169]-264
504 _aBibliografía: p. [327]-344
610 2 4 _aMuseo Nacional del Virreinato (Ciudad de México)
_vCatálogos
_910142
650 1 4 _aPorcelana china
_zMéxico
_910143
650 1 4 _aPorcelana china
_xDinastía Ming-Qing
_y1368-1912
_zMéxico
_910144
651 4 _aChina
_xRelaciones económicas exteriores
_zMéxico
_910145
942 _2lcc
_cB
999 _c3628
_d3628